Ciriaco de Urtecho: (Registro nro. 16766)

Detalles MARC
000 -Cabecera
Campo de control interno 00524nam a2200181Ia 4500
005 - Fecha y hora del registro
control field 20260306170335.0
008 - Elementos de Longitud Fija
fixed length control field 260306t1981||||xx |||||||||||||| ||und||
041 ## - Idioma
Codigo Idioma ESP
082 ## - DEWEY y NOTACIÓN INTERNA
Dewey 349.85
Notación Interna T78 1981
100 ## - AUTOR
Autor denominación Trazegnies Granda, Fernando de
Término de relación autor
245 #0 - TÍTULO DE MATERIAL BIBLIOGRÁFICO
Título Ciriaco de Urtecho:
Título paralelo litigante por amor: reflexiones sobre la polivalencia táctica del razonamiento jurídico
260 ## - CIUDAD, EDITORIAL, AÑO
Año 1981
300 ## - DESCRIPCIÓN
N° Páginas 213 páginas :
Dimensiones 20 cm.
650 ## - TEMAS
Temas Generalidades
654 ## - PROGRAMAS
Programa Dpto. de Derecho y Ciencia Política
942 ## - ELEMENTOS DE KOHA
Tipo de documento Libro
Nombre del creador Justo Noguera
Código de catalogador Justo Noguera
Esquema de clasificación Dewey Decimal Classification
Suppress in OPAC
Existencias
Codigo completo Registro Colección Copia número Disponibilidad Tipo de préstamo Biblioteca Actual Procedencia (Biblioteca) Ubicacón Fecha Ingreso Tipo de Adquisición Date last seen Total checkouts Price effective from Tipo de Item Estado del Material Fuente de Clasificación Damaged status Withdrawn status
349.85 T78 1981 U0008125 Universidad Católica San Pablo 1 Disponible Disponible Víctor Andrés Belaunde Víctor Andrés Belaunde Primer piso 03/06/2026 Donación 06/03/2026   06/03/2026 Libro Bueno Dewey Decimal Classification